Competencia desleal : análisis del decreto 274/2019 /

Guardado en:
Formato: Libro
Idioma:Spanish
Publicado: Ciudad Autónoma de Buenos Aires : La Ley, 2019.
Edición:1a. ed.
Materias:
Etiquetas: Agregar Etiqueta
Sin Etiquetas, Sea el primero en etiquetar este registro!
LEADER 00594nam a22001695a 4500
001 DER.der014590
008 200227s2019####ag############000#0#spa#d
005 20241111084529.0
245 1 0 |a Competencia desleal :  |b análisis del decreto 274/2019 /  |c dirigido por Miguel del Pino, Demetrio A. Chamatrópulos. 
250 |a 1a. ed. 
260 |a Ciudad Autónoma de Buenos Aires :  |b La Ley,  |c 2019. 
300 |a 648 p. 
020 |a 9789870338512 
100 1 |a del Pino, Miguel.,  |e dir. 
700 1 |a Chamatropolus, Demetrio A.,  |e dir. 
650 7 |a DERECHO TRIBUTARIO 
859 |a DERECHO  |b BIB. DERECHO  |h 346.07  |i COM  |p 009883